| 000 | 00800cam a2200289 4500 | ||
|---|---|---|---|
| 008 | 090401t1992 xxu||||| |||| 00| 0 eng d | ||
| 020 | _a0854065415 | ||
| 035 | _a(Sirsi) u55928 | ||
| 041 | _aeng | ||
| 050 |
_a658.404 _c18 |
||
| 090 | _aRICS 1992/55ABCD | ||
| 100 | _aKelly, John | ||
| 245 | 4 |
_aThe briefing process _ba review and critique |
|
| 260 |
_aLondon _bRICS _c1992 |
||
| 300 |
_a53p. _c30cm. |
||
| 350 | _a4.95 | ||
| 490 |
_aRICS Research Paper Series _v(12) |
||
| 650 | _aBUILT ENVIRONMENT-CONSTRUCTION DESIGN | ||
| 650 | _aCLIENT BRIEFING | ||
| 650 | _aCONCEPT BRIEFING | ||
| 690 |
_aProject management _96261 |
||
| 700 | _aMacPherson, Stuart | ||
| 700 | _aMale, Steven | ||
| 710 |
_aRoyal Institution of Chartered Surveyors _94900 |
||
| 942 | _n0 | ||
| 948 | _c04/03/1997 | ||
| 999 |
_c93680 _d93680 |
||